Regulación de los nacimientos (Record no. 149742)

MARC details
000 -LEADER
campo de control de longitud fija 00771nam a2200229 i 4500
001 - NÚMERO DE CONTROL
campo de control 149742
003 - IDENTIFICADOR DE NÚMERO DE CONTROL
campo de control ES-MaACL
005 - FECHA Y HORA DE LA ÚLTIMA TRANSACCIÓN
campo de control 20230906203234.0
007 - CAMPO FIJO DE DESCRIPCIÓN FÍSICA--INFORMACIÓN GENERAL
campo de control de longitud fija t|
008 - DATOS DE LONGITUD FIJA--INFORMACIÓN GENERAL
campo de control de longitud fija 071024s1968 sp ||||1| spa d
100 1# - ENTRADA PRINCIPAL--NOMBRE DE PERSONA
Nombre de persona Valsecchi, Ambrosio.
9 (RLIN) 112986
245 10 - MENCIÓN DEL TÍTULO
Título Regulación de los nacimientos
Resto del título : diez años de reflexión teológica /
Mención de responsabilidad, etc. Ambrogio Valsecchi ; [tradujeron A. Ortiz y A. Ramos].
260 ## - PUBLICACIÓN, DISTRIBUCIÓN, ETC.
Lugar de publicación, distribución, etc. Salamanca :
Nombre del editor, distribuidor, etc. Sígueme,
Fecha de publicación, distribución, etc. 1968.
300 ## - DESCRIPCIÓN FÍSICA
Extensión 329 p. ;
Dimensiones 19 cm.
490 1# - MENCIÓN DE SERIE
Mención de serie Verdad e imagen ;
Designación de volumen o secuencia 3
650 14 - PUNTO DE ACCESO ADICIONAL DE MATERIA--TÉRMINO DE MATERIA
Término de materia o nombre geográfico como elemento de entrada Control de natalidad-
Subdivisión general Aspectos religiosos.
9 (RLIN) 11339
700 1# - ENTRADA AGREGADA--NOMBRE PERSONAL
Nombre de persona Ortiz, Alfonso.
9 (RLIN) 87547
700 1# - ENTRADA AGREGADA--NOMBRE PERSONAL
Nombre de persona Ramos, Alfonso.
9 (RLIN) 95239
830 0# - PUNTO DE ACCESO ADICIONAL DE SERIE-TÍTULO UNIFORME
Título uniforme Verdad e imagen ;
Designación de volumen o secuencia 3
9 (RLIN) 182105
852 ## - LOCALIZACIÓN
Ubicación ES-MaACL
Número de control de estantería C-35488
Sublocalización o colección R.68421
Holdings
Estatus retirado Estado de pérdida Estado de daño No para préstamo Biblioteca de origen Biblioteca actual Ubicación en estantería Fecha de adquisición Fuente de adquisición Total de préstamos Signatura topográfica completa Código de barras Visto por última vez Precio de reemplazo Tipo de ítem Koha
        Biblioteca del Ateneo de Madrid Biblioteca del Ateneo de Madrid Depósito 2 17/01/2008     C-35488 1156258 23/02/2023 23/02/2023 Libro impreso